[Event "Chigorin Memorial Open"]
[Site "St Petersburg RUS"]
[Date "2011.10.14"]
[Round "1.109"]
[White "Kokhnover, Ilya"]
[Black "Tappyrov, Vladimir"]
[Result "0-1"]
[BlackTitle "FM"]
[WhiteElo "1821"]
[BlackElo "2330"]
[WhiteFideId "24159174"]
[BlackFideId "4157184"]
[EventDate "2011.10.14"]

1. e4 d5 2. exd5 Qxd5 3. Nc3 Qa5 4. Nf3 Nf6 5. d4 c6 6. Bd2 Bf5 7. Ne4 Qc7 8.
Ng3 Bg6 9. Bc4 Nbd7 10. O-O e6 11. Re1 Bd6 12. Ng5 O-O 13. Bxe6 fxe6 14. Nxe6
Qb6 15. Nxf8 Rxf8 16. Bc3 Nd5 17. Qg4 Bxg3 18. hxg3 N7f6 19. Qe6+ Kh8 20. Qe2
Ne4 21. f3 Nxg3 22. Qe5 Nh5 23. Rac1 h6 24. a3 Nhf4 25. g3 Nh5 26. Kg2 Qd8 27.
Qe6 Nhf4+ 0-1

[Event "Chigorin Memorial Open"]
[Site "St Petersburg RUS"]
[Date "2011.10.14"]
[Round "1.110"]
[White "Leontiev, Aleksandr V."]
[Black "Chernyak, Viktoria"]
[Result "1-0"]
[WhiteTitle "IM"]
[WhiteElo "2329"]
[BlackElo "1808"]
[WhiteFideId "4122968"]
[BlackFideId "24165956"]
[EventDate "2011.10.14"]

1. Nf3 Nf6 2. g3 g6 3. Bg2 Bg7 4. O-O O-O 5. c4 c5 6. d4 cxd4 7. Nxd4 Nc6 8. Nc3
a6 9. b3 Nxd4 10. Qxd4 d6 11. Bb2 Rb8 12. Qd3 b6 13. Rfd1 Qc7 14. Rac1 Bb7 15.
Nd5 Bxd5 16. cxd5 Qb7 17. Bh3 Rfd8 18. Rd2 Nd7 19. Bxg7 Kxg7 20. Rdc2 Rbc8 21.
Qd4+ Kg8 22. Rxc8 Rxc8 23. Rxc8+ Qxc8 24. Bxd7 Qxd7 25. Qxb6 Qf5 26. Qxa6 Qxd5
27. Qd3 Qe5 28. a4 d5 29. Qb5 h5 30. h4 Qe4 31. a5 d4 32. a6 Kg7 33. a7 Qb1+ 34.
Kh2 Qe4 35. Qa4 Qa8 36. Qxd4+ f6 37. Qa4 g5 38. hxg5 fxg5 39. b4 Kf6 40. b5 e6
41. b6 1-0

[Event "Chigorin Memorial Open"]
[Site "St Petersburg RUS"]
[Date "2011.10.14"]
[Round "1.111"]
[White "Dzhavathanov, Magomed"]
[Black "Barhudarian, Rafael"]
[Result "0-1"]
[BlackTitle "FM"]
[WhiteElo "1793"]
[BlackElo "2325"]
[WhiteFideId "24106020"]
[BlackFideId "4182685"]
[EventDate "2011.10.14"]

1. e4 c5 2. Nf3 g6 3. d4 Bg7 4. c3 cxd4 5. cxd4 d5 6. e5 Bg4 7. Nc3 Nc6 8. Be3
Nh6 9. Qb3 O-O 10. Qxb7 Rc8 11. Be2 Nf5 12. Rd1 e6 13. O-O Bxf3 14. Bxf3 Na5 15.
Qxa7 Nxe3 16. fxe3 Nc4 17. Rf2 Bh6 18. Rd3 Bxe3 19. Rxe3 Nxe3 20. Be2 Qg5 21.
Qa6 Nf5 22. Qd3 Rc4 23. Nb5 Rc1+ 24. Bf1 Ne3 25. h4 Qg3 26. Qe2 Ng4 0-1

[Event "Chigorin Memorial Open"]
[Site "St Petersburg RUS"]
[Date "2011.10.14"]
[Round "1.112"]
[White "Duzhakov, Ilya"]
[Black "Skafar, Darya"]
[Result "1-0"]
[WhiteTitle "FM"]
[WhiteElo "2325"]
[BlackElo "1735"]
[WhiteFideId "4192516"]
[BlackFideId "24167169"]
[EventDate "2011.10.14"]

1. e4 e5 2. Nf3 Nc6 3. d4 exd4 4. Nxd4 Bc5 5. Nxc6 bxc6 6. Bd3 Nf6 7. e5 Nd5 8.
a3 d6 9. c4 Ne7 10. exd6 cxd6 11. O-O O-O 12. b4 Bb6 13. Qf3 Be6 14. Bb2 Rc8 15.
Nd2 Ng6 16. Rae1 d5 17. c5 Bc7 18. Ba6 Rb8 19. Nb3 Qh4 20. g3 Qh3 21. Qc3 f6 22.
f4 Bd7 23. Nd4 Rfe8 24. Qf3 Bg4 25. Qf2 Bd7 26. Qf3 Bg4 27. Qf2 Bd7 28. Bc1 Qg4
29. Be2 Qh3 30. Ba6 Qg4 31. Be2 Qh3 32. Bf3 f5 33. b5 Rxe1 34. Rxe1 Ba5 35. Bd2
Bxd2 36. Qxd2 cxb5 37. c6 Be8 38. Bxd5+ Kh8 39. c7 Rc8 40. Bb7 1-0

[Event "Chigorin Memorial Open"]
[Site "St Petersburg RUS"]
[Date "2011.10.14"]
[Round "1.113"]
[White "Gusev, Boris"]
[Black "Demianjuk, Alexander"]
[Result "0-1"]
[WhiteElo "1734"]
[BlackElo "2319"]
[WhiteFideId "24121479"]
[BlackFideId "4134249"]
[EventDate "2011.10.14"]

1. Nf3 Nf6 2. g3 d5 3. d4 Bf5 4. Bg2 e6 5. O-O Be7 6. c4 c6 7. Qb3 Qb6 8. c5 Qc7
9. Bf4 Qc8 10. Nh4 Be4 11. f3 Bxb1 12. Rfxb1 Nh5 13. Bxb8 Qxb8 14. Bf1 Bxh4 15.
gxh4 O-O 16. Qe3 Nf4 17. b4 a6 18. Qf2 e5 19. e3 Ne6 20. a4 exd4 21. exd4 Qf4
22. Rd1 Rfe8 23. Ra2 Nf8 24. Qg3 Qf6 25. Kf2 h6 26. Re2 Rxe2+ 27. Kxe2 Re8+ 28.
Kd3 Ng6 29. Re1 Rxe1 30. Qxe1 Nxh4 31. Qe8+ Kh7 32. Be2 Nxf3 33. Bxf3 Qxf3+ 34.
Kd2 Qg2+ 35. Kc3 Qh3+ 36. Kb2 Qxh2+ 37. Kc3 Qh3+ 38. Kb2 Qe6 39. Qd8 Qe2+ 40.
Ka3 Qd3+ 41. Ka2 Qc2+ 42. Ka3 Qc3+ 0-1

[Event "Chigorin Memorial Open"]
[Site "St Petersburg RUS"]
[Date "2011.10.14"]
[Round "1.115"]
[White "Edilsultanova, Zalina"]
[Black "Gubernatorov, Sergey"]
[Result "0-1"]
[BlackTitle "FM"]
[WhiteElo "1621"]
[BlackElo "2311"]
[WhiteFideId "24164798"]
[BlackFideId "4148215"]
[EventDate "2011.10.14"]

1. e4 c5 2. Nf3 g6 3. d4 cxd4 4. Nxd4 Bg7 5. Nc3 Nc6 6. Be3 Nf6 7. Bc4 O-O 8.
Bb3 d6 9. f3 Bd7 10. Qd2 Nxd4 11. Bxd4 b5 12. g4 a5 13. a3 b4 14. Nd5 Nxd5 15.
Bxg7 Kxg7 16. Bxd5 Rb8 17. h4 e6 18. Bc4 Qf6 19. Kf2 d5 20. exd5 exd5 21. Bxd5
Rfd8 22. Be4 Bc6 23. Qg5 Qd4+ 24. Kg3 h6 25. Qf4 Bxe4 26. Qxe4 Qxb2 27. axb4
Rxb4 28. Qe7 Qd4 29. Rhd1 Qf4+ 30. Kg2 Rc4 31. Qe2 Rdc8 32. Rac1 a4 33. Rd2 R8c5
34. Rcd1 h5 35. gxh5 Qxh4 36. Qf2 Qxh5 37. Kf1 Rh4 38. Rd4 Rh1+ 39. Ke2 Rxc2+
40. R1d2 Rxd2+ 41. Kxd2 Rh2 0-1

[Event "Chigorin Memorial Open"]
[Site "St Petersburg RUS"]
[Date "2011.10.14"]
[Round "1.119"]
[White "Startsev, Andrei"]
[Black "Vladimirov, Ivan"]
[Result "0-1"]
[BlackTitle "FM"]
[WhiteElo "1867"]
[BlackElo "2310"]
[WhiteFideId "24101850"]
[BlackFideId "24105821"]
[EventDate "2011.10.14"]

1. e4 c5 2. Nf3 Nc6 3. Bb5 e6 4. Bxc6 bxc6 5. d3 Ne7 6. Be3 Ng6 7. O-O Be7 8.
Nbd2 d6 9. h3 O-O 10. Nh2 f5 11. f4 e5 12. exf5 Rxf5 13. fxe5 Rxe5 14. Qf3 d5
15. Nb3 Bf6 16. c3 Qe8 17. Bxc5 Nh4 18. Qd1 Bxh3 19. gxh3 Qg6+ 20. Ng4 h5 21.
Kh1 hxg4 22. Qxg4 Rg5 23. Qe6+ Kh7 24. Rg1 Qxd3 25. Rxg5 Bxg5 26. Qg4 Re8 27.
Qh5+ Bh6 28. Qxh4 Qf3+ 29. Kg1 Re6 30. Qf2 Qxh3 31. Qc2+ Rg6+ 32. Qxg6+ Kxg6 33.
Bf2 Bf4 34. Re1 Bh2+ 35. Kh1 Bg3+ 0-1

[Event "Chigorin Memorial Open"]
[Site "St Petersburg RUS"]
[Date "2011.10.14"]
[Round "1.120"]
[White "Guzenko, Artem"]
[Black "Kantyshev, Nikita"]
[Result "1-0"]
[WhiteElo "2216"]
[BlackElo "1833"]
[WhiteFideId "24144460"]
[BlackFideId "4186737"]
[EventDate "2011.10.14"]

1. e4 e5 2. Nf3 Nc6 3. Bb5 d6 4. O-O a6 5. Ba4 Nf6 6. Qe2 Be7 7. c3 O-O 8. d4 b5
9. Bc2 exd4 10. Nxd4 Nxd4 11. cxd4 c5 12. e5 Nd7 13. Qe4 g6 14. Qxa8 cxd4 15.
Bh6 Re8 16. Qd5 Nxe5 17. Nd2 Be6 18. Qxd4 Bf6 19. Qb4 Nc6 20. Qa3 Nd4 21. Bd3
Be5 22. Be3 b4 23. Qa4 Bd7 24. Qd1 Qh4 25. g3 Qf6 26. Be4 Ne6 27. Nc4 Bb5 28.
Nxe5 Qxe5 29. Qd5 Qxb2 30. Rfd1 Nc5 31. Bd4 Qe2 32. Bf3 Qe7 33. Be3 Na4 34. Qxd6 1-0

[Event "Chigorin Memorial Open"]
[Site "St Petersburg RUS"]
[Date "2011.10.14"]
[Round "1.121"]
[White "Mironova, Natalia"]
[Black "Prikhodko, Anton"]
[Result "0-1"]
[WhiteElo "1811"]
[BlackElo "2214"]
[WhiteFideId "4110935"]
[BlackFideId "24115150"]
[EventDate "2011.10.14"]

1. e4 c5 2. c3 d5 3. exd5 Qxd5 4. d4 Nf6 5. Nf3 Bg4 6. Be2 e6 7. h3 Bh5 8. Na3
Nc6 9. Bf4 Qd7 10. dxc5 Nd5 11. Bd6 Bxd6 12. cxd6 Qxd6 13. O-O Qe7 14. Nd4 Nxc3
15. bxc3 Bxe2 16. Qxe2 Qxa3 17. Qb5 O-O 18. Qxb7 Nxd4 19. cxd4 Rab8 20. Qe4 Rb2
21. d5 Rxa2 22. Rad1 exd5 23. Rxd5 Qa4 24. Rd4 Qe8 25. Qd3 Qe2 26. Qf5 Re8 27.
Rfd1 g6 28. Qf6 Qe5 29. Qf3 Ra1 30. Rxa1 Qxd4 31. Rd1 Qe4 32. Qf6 Qe6 33. Qd4 a5
34. Qa4 Qe5 35. Ra1 Rd8 36. Rb1 Rd2 37. Qc6 Kg7 38. f4 Qxf4 39. Rf1 Qd4+ 40. Kh1
Rd1 41. Rxd1 Qxd1+ 42. Kh2 Qd4 43. Qc2 a4 44. Qa2 Qf4+ 45. Kh1 Qc1+ 0-1

[Event "Chigorin Memorial Open"]
[Site "St Petersburg RUS"]
[Date "2011.10.14"]
[Round "1.123"]
[White "Gudkina, Zhanna"]
[Black "Irinchinov, Vladimir"]
[Result "0-1"]
[WhiteElo "1781"]
[BlackElo "2050"]
[WhiteFideId "24102318"]
[BlackFideId "24116165"]
[EventDate "2011.10.14"]

1. e4 c5 2. Nf3 d6 3. d4 cxd4 4. Nxd4 Nf6 5. Nc3 a6 6. Be2 e5 7. Nb3 Be6 8. O-O
Be7 9. Bg5 Nbd7 10. Kh1 O-O 11. f4 exf4 12. Bxf4 Ne5 13. Nd4 Qc7 14. Nxe6 fxe6
15. Bxe5 dxe5 16. Rf3 Bb4 17. a3 Bxc3 18. Rxc3 Qb6 19. Bf3 Rad8 20. Qe1 Rd4 21.
b4 Qd6 22. Re3 Rd8 23. h3 Rd2 24. Re2 Rxe2 25. Qxe2 Qd4 26. Re1 Qc3 27. Qe3 Rc8
28. Qxc3 Rxc3 29. Rd1 Rxc2 30. Rd6 Kf7 31. Rb6 Rc7 32. Kg1 Ke7 33. Bg4 h5 34.
Bxe6 Nxe4 35. Bd5 Nd6 36. Kf2 Kd7 37. Bf3 Rc2+ 38. Ke3 Kc7 39. Rxd6 Kxd6 40.
Bxh5 Rxg2 41. Kf3 Ra2 42. h4 Rxa3+ 43. Ke2 Rb3 44. Bg6 Rxb4 45. h5 Rd4 46. Ke3
a5 0-1

[Event "Chigorin Memorial Open"]
[Site "St Petersburg RUS"]
[Date "2011.10.14"]
[Round "1.124"]
[White "Yakovlev, Yuri S."]
[Black "Rybakova, Polina"]
[Result "1/2-1/2"]
[WhiteElo "2029"]
[BlackElo "1743"]
[WhiteFideId "4173929"]
[BlackFideId "24178829"]
[EventDate "2011.10.14"]

1. e4 c5 2. Nf3 d6 3. c4 Nf6 4. Nc3 e5 5. d3 Nc6 6. Be2 Be7 7. h3 h6 8. O-O O-O
9. Nh2 Nd4 10. f4 Nxe2+ 11. Qxe2 exf4 12. Bxf4 Be6 13. Nf3 Nh5 14. Bh2 Nf6 15.
Nd5 Nxd5 16. cxd5 Bd7 17. g4 Rc8 18. Bf4 Re8 19. Qf2 Bf6 20. Rac1 Bb5 21. Ne1
Bd4 22. Be3 Bxe3 23. Qxe3 Qe7 24. b3 Qe5 25. Rf2 Qxd5 26. Rf5 Qe6 27. Ng2 Qe7
28. Nf4 Bc6 29. Nd5 Bxd5 30. Rxd5 Qe6 31. Qf4 Rcd8 32. Kg2 Qg6 33. Kg3 f6 34.
Rxd6 Rxd6 35. Qxd6 b6 36. Qd5+ Qf7 37. Qxf7+ Kxf7 38. Kf4 Rd8 39. Ke3 Ke6 40. a3
a5 1/2-1/2

[Event "Chigorin Memorial Open"]
[Site "St Petersburg RUS"]
[Date "2011.10.14"]
[Round "1.125"]
[White "Lysukha, Nikita"]
[Black "Klepikov, Nikita"]
[Result "0-1"]
[WhiteElo "1683"]
[BlackElo "1992"]
[WhiteFideId "24177610"]
[BlackFideId "24145220"]
[EventDate "2011.10.14"]

1. d4 Nf6 2. c4 g6 3. Nc3 d5 4. Bg5 Ne4 5. Nxe4 dxe4 6. e3 Bg7 7. Ne2 O-O 8. Nc3
c5 9. Nxe4 cxd4 10. exd4 Bxd4 11. Qd2 Qb6 12. O-O-O Rd8 13. Nc3 Qc5 14. Nd5 Rxd5
15. Bxe7 Bxb2+ 16. Qxb2 Rxd1+ 17. Kxd1 Qxe7 18. Bd3 Nc6 19. Re1 Be6 20. f4 Rd8
21. Ke2 Bxc4+ 22. Kf2 Qh4+ 0-1

[Event "Chigorin Memorial Open"]
[Site "St Petersburg RUS"]
[Date "2011.10.15"]
[Round "2.1"]
[White "Korobov, Anton"]
[Black "Ajrapetian, Gevorg"]
[Result "1/2-1/2"]
[WhiteTitle "GM"]
[BlackTitle "IM"]
[WhiteElo "2671"]
[BlackElo "2420"]
[WhiteFideId "14105730"]
[BlackFideId "4174232"]
[EventDate "2011.10.14"]

1. d4 c5 2. d5 d6 3. e4 Nf6 4. Nc3 g6 5. Nf3 Bg7 6. Bb5+ Bd7 7. a4 O-O 8. h3 Na6
9. O-O Nc7 10. Re1 a6 11. Bxd7 Nxd7 12. Qe2 Rb8 13. Bf4 b5 14. axb5 axb5 15.
Rad1 Ne5 16. Nxe5 Bxe5 17. Bxe5 dxe5 18. Ra1 Qd6 19. Ra5 Qb6 20. Rea1 c4 21. Nd1
Ra8 22. Rxa8 Rxa8 23. Rxa8+ Nxa8 24. Ne3 Qc7 25. Qd2 Nb6 26. Qb4 Qd7 27. Qc5 Nc8
28. Qc6 Qxc6 29. dxc6 Kf8 30. Nd5 Ke8 31. Nc7+ Kd8 32. Nxb5 Nd6 33. Nxd6 exd6
34. f3 Kc7 35. Kf2 Kxc6 36. Ke3 Kc5 37. h4 h5 38. g4 f6 39. Kd2 Kb4 40. Ke3 Kc5
41. Kd2 Kb4 42. Ke3 Kc5 1/2-1/2

[Event "Chigorin Memorial Open"]
[Site "St Petersburg RUS"]
[Date "2011.10.15"]
[Round "2.2"]
[White "Bellia, Fabrizio"]
[Black "Zvjaginsev, Vadim"]
[Result "0-1"]
[WhiteTitle "IM"]
[BlackTitle "GM"]
[WhiteElo "2420"]
[BlackElo "2666"]
[WhiteFideId "800511"]
[BlackFideId "4113403"]
[EventDate "2011.10.14"]

1. e4 d6 2. d4 Nf6 3. Nc3 g6 4. f4 Bg7 5. Nf3 O-O 6. Bd3 Na6 7. O-O c5 8. d5 Bg4
9. Bc4 Nc7 10. h3 Bxf3 11. Qxf3 Nd7 12. a4 a6 13. a5 Rb8 14. Nd1 e6 15. Ne3 Kh8
16. c3 exd5 17. exd5 f5 18. g4 fxg4 19. hxg4 Ne5 20. Qg2 Nxc4 21. Nxc4 Qd7 22.
Bd2 Rbd8 23. Rae1 Qb5 24. Qe4 Bd4+ 25. cxd4 Qxc4 26. Rc1 Qxd5 27. Qxd5 Nxd5 28.
dxc5 dxc5 29. Rxc5 Kg8 30. f5 gxf5 31. Bh6 Rf7 32. Rd1 Rfd7 33. Bg5 Nc7 34. Rxd7
Rxd7 35. Rxf5 Rg7 36. Kf2 Ne6 37. Bf6 Rxg4 38. Ke3 Rc4 39. Bc3 Rc6 40. Ke4 Nc7
41. Rg5+ Kf8 42. Rf5+ Ke8 43. Rh5 Re6+ 44. Kf5 Re7 45. Bb4 Rf7+ 46. Ke5 Kd7 47.
Rh6 Rg7 48. Rd6+ Kc8 49. Rh6 Nb5 50. Bf8 Rg5+ 51. Ke4 Rg8 52. Bc5 Rg7 53. b4 Nc7
54. Ke5 Kd7 55. Rd6+ Ke8 56. Rb6 Nb5 57. Re6+ Kd8 58. Rh6 Kc7 59. Bf8 Rd7 60.
Bc5 Kd8 61. Re6 Rg7 62. Rh6 Nc7 63. Rd6+ Rd7 64. Rb6 Nd5 65. Re6 Ne7 66. Bb6+
Kc8 67. Ke4 Kb8 68. Re5 Nc8 69. Bc5 Nd6+ 70. Kf3 Nf7 71. Re8+ Kc7 72. Ke3 Kc6
73. Re6+ Kb5 74. Rb6+ Kc4 75. Kf4 Nd8 76. Kg5 Rg7+ 77. Kf5 Rg6 78. Rxg6 hxg6+
79. Kxg6 Nc6 80. Kf7 Nxb4 81. Bb6 Kb5 82. Ke8 Nc6 83. Kd7 Nxa5 84. Kc7 Nc4 0-1

[Event "Chigorin Memorial Open"]
[Site "St Petersburg RUS"]
[Date "2011.10.15"]
[Round "2.3"]
[White "Azarov, Sergei"]
[Black "Sergienko, Sergey"]
[Result "1-0"]
[WhiteTitle "GM"]
[BlackTitle "IM"]
[WhiteElo "2648"]
[BlackElo "2415"]
[WhiteFideId "13501470"]
[BlackFideId "4115791"]
[EventDate "2011.10.14"]

1. e4 d5 2. exd5 Qxd5 3. Nc3 Qa5 4. d4 Nf6 5. Bd2 c6 6. Bd3 Bg4 7. f3 Bh5 8.
Nge2 Nbd7 9. Nf4 Bg6 10. Bc4 Qb6 11. Qe2 Bxc2 12. Rc1 Bf5 13. d5 g5 14. Be3 Qa5
15. dxc6 bxc6 16. Nd3 e6 17. O-O Bxd3 18. Bxd3 Bc5 19. Ne4 Bxe3+ 20. Qxe3 Qb6
21. Qxb6 axb6 22. Rxc6 Nd5 23. Re1 Ke7 24. Nxg5 Nb4 25. Rc3 Rxa2 26. Bc4 Rxb2
27. Nxf7 Kxf7 28. Bxe6+ Kf6 29. Bxd7 Rd8 30. Bh3 Rd6 31. Rc7 Nc2 32. Re2 Rb1+
33. Kf2 Nb4 34. Rxh7 Nd3+ 35. Kg3 Kg6 36. Rhe7 Nc5 37. Bg4 b5 38. R7e5 Rc1 39.
h4 b4 40. Rg5+ Kh6 41. Re8 1-0

[Event "Chigorin Memorial Open"]
[Site "St Petersburg RUS"]
[Date "2011.10.15"]
[Round "2.6"]
[White "Ziatdinov, Raset"]
[Black "Sjugirov, Sanan"]
[Result "0-1"]
[WhiteTitle "GM"]
[BlackTitle "GM"]
[WhiteElo "2415"]
[BlackElo "2627"]
[WhiteFideId "2015323"]
[BlackFideId "4189302"]
[EventDate "2011.10.14"]

1. e4 c5 2. Nf3 d6 3. d4 cxd4 4. Nxd4 Nf6 5. Nc3 a6 6. Be2 e5 7. Nb3 Be7 8. O-O
O-O 9. f4 b5 10. a4 Bb7 11. axb5 axb5 12. Rxa8 Bxa8 13. Qd3 b4 14. Nd5 Nxd5 15.
exd5 Nd7 16. Rd1 Bf6 17. f5 Bg5 18. Bxg5 Qxg5 19. Bf3 Nf6 20. Nd2 Bb7 21. Ne4
Nxe4 22. Bxe4 Ra8 23. h3 g6 24. Qf3 Bc8 25. f6 Bf5 26. Rf1 Bd7 27. Kh2 h5 28.
Qg3 Qxg3+ 29. Kxg3 Kh7 30. Kh4 Bf5 31. Bxf5 gxf5 32. Rxf5 Kg6 33. Rf3 Ra5 34.
Rd3 Rc5 35. Rd2 Rc4+ 36. g4 hxg4 37. hxg4 Kxf6 38. Kh5 Rf4 39. Kh4 e4 40. c4
bxc3 41. bxc3 Ke5 42. Rd1 f5 0-1

[Event "Chigorin Memorial Open"]
[Site "St Petersburg RUS"]
[Date "2011.10.15"]
[Round "2.8"]
[White "Nezad, Husein Aziz"]
[Black "Kokarev, Dmitry"]
[Result "0-1"]
[WhiteTitle "IM"]
[BlackTitle "GM"]
[WhiteElo "2414"]
[BlackElo "2619"]
[WhiteFideId "12100293"]
[BlackFideId "4132181"]
[EventDate "2011.10.14"]

1. d4 Nf6 2. c4 g6 3. Nc3 Bg7 4. e4 d6 5. Bd3 O-O 6. Nge2 Nc6 7. O-O Nd7 8. Be3
e5 9. d5 Nd4 10. Bc2 Nxc2 11. Qxc2 f5 12. exf5 gxf5 13. f4 Nf6 14. h3 Nh5 15. c5
Rf7 16. cxd6 cxd6 17. Rac1 Qe7 18. Rfe1 Bd7 19. Qb3 b5 20. Rcd1 Kh8 21. fxe5
dxe5 22. d6 Qf8 23. Bg5 Bf6 24. Bxf6+ Rxf6 25. Qd5 Re8 26. Nxb5 Qg7 27. Kh1 Rh6
28. Nbc3 Rg8 29. Ng1 Ng3+ 30. Kh2 Ne4 31. Re2 Rxd6 0-1

[Event "Chigorin Memorial Open"]
[Site "St Petersburg RUS"]
[Date "2011.10.15"]
[Round "2.9"]
[White "Aleksandrov, Aleksej"]
[Black "Antipov, Mikhail Al."]
[Result "0-1"]
[WhiteTitle "GM"]
[BlackTitle "IM"]
[WhiteElo "2618"]
[BlackElo "2412"]
[WhiteFideId "13500139"]
[BlackFideId "4107012"]
[EventDate "2011.10.14"]

1. d4 d5 2. c4 c6 3. Nf3 Nf6 4. e3 Bf5 5. Nc3 e6 6. Nh4 Be4 7. f3 Bg6 8. Qb3 Qc7
9. Bd2 Nbd7 10. cxd5 exd5 11. O-O-O Be7 12. Nxg6 hxg6 13. e4 Qb6 14. e5 Qxb3 15.
axb3 Nh7 16. f4 Nhf8 17. g4 Ne6 18. Be3 Rh4 19. h3 O-O-O 20. Kb1 Rdh8 21. Rg1 f5
22. gxf5 gxf5 23. Bd3 R4h5 24. Ne2 Bh4 25. Rc1 Kd8 26. b4 a6 27. Bxa6 bxa6 28.
Rxc6 R5h6 29. Rxa6 Nc7 30. Ra7 Ra6 31. Rxa6 Nxa6 32. Rxg7 Nxb4 33. Bd2 Nc6 34.
Nc3 Nxd4 35. Nxd5 Ne6 36. Rg2 Ke8 37. Be3 Kf7 38. b4 Be7 39. Rg3 Rb8 40. Bd2 Nb6
41. Ne3 Bh4 42. Rf3 Nd4 43. Rf1 Ke6 44. Rc1 Nd5 45. Rc4 Nxe3 46. Bxe3 Ne2 47.
Kc2 Be7 48. Kb3 Kd5 49. h4 Bxh4 50. Rc7 Be1 51. Rd7+ Ke4 52. Bc5 Nxf4 53. Rd4+
Kf3 54. Bd6 Rb6 55. Ka4 Ne6 56. Rd3+ Ke2 57. Rh3 f4 58. Ka5 Rc6 59. Rh6 Nd4 60.
e6 Rxd6 61. e7 Rd5+ 0-1

[Event "Chigorin Memorial Open"]
[Site "St Petersburg RUS"]
[Date "2011.10.15"]
[Round "2.10"]
[White "Ovod, Evgenija"]
[Black "Andriasian, Zaven"]
[Result "1/2-1/2"]
[WhiteTitle "IM"]
[BlackTitle "GM"]
[WhiteElo "2408"]
[BlackElo "2615"]
[WhiteFideId "4131827"]
[BlackFideId "13302000"]
[EventDate "2011.10.14"]

1. d4 d5 2. c4 c6 3. Nf3 Nf6 4. Nc3 dxc4 5. a4 Bf5 6. e3 e6 7. Bxc4 Bb4 8. O-O
Nbd7 9. Nh4 Bg6 10. f3 Bh5 11. g3 O-O 12. Qb3 a5 13. Na2 Be7 14. e4 c5 15. g4
Bg6 16. Nxg6 hxg6 17. e5 Nd5 18. Bxd5 exd5 19. Be3 Nb6 20. dxc5 Nc4 21. Rad1 Rc8
22. Bf2 Bxc5 23. Nc3 Bxf2+ 24. Rxf2 d4 25. Nb5 Ne3 26. Re1 Qh4 27. Nxd4 Nxg4 28.
fxg4 Qxg4+ 29. Kf1 Qxd4 30. e6 fxe6 31. Qxe6+ Kh7 32. Qh3+ Kg8 33. Qe6+ Kh7 34.
Qh3+ Kg8 35. Qe6+ Kh7 1/2-1/2

[Event "Chigorin Memorial Open"]
[Site "St Petersburg RUS"]
[Date "2011.10.15"]
[Round "2.11"]
[White "Volkov, Sergey"]
[Black "Hayrapetian, Ovik"]
[Result "1/2-1/2"]
[WhiteTitle "GM"]
[BlackTitle "IM"]
[WhiteElo "2614"]
[BlackElo "2398"]
[WhiteFideId "4122763"]
[BlackFideId "13302639"]
[EventDate "2011.10.14"]

1. d4 Nf6 2. c4 e6 3. Nc3 Bb4 4. e3 b6 5. Ne2 Ne4 6. Qc2 f5 7. a3 Bxc3+ 8. Nxc3
Nxc3 9. Qxc3 Bb7 10. b4 O-O 11. Bb2 d6 12. c5 Bd5 13. Bc4 Bxc4 14. Qxc4 d5 15.
Qc2 b5 16. a4 Qd7 17. axb5 Qxb5 18. Qa4 c6 19. f3 Rf7 20. Kf2 a6 21. Bc3 Qd3 22.
Rhd1 Qb5 23. Ra3 Raa7 24. Rda1 Qb7 25. Kg1 Qe7 26. Be1 g5 27. Qc2 Qf6 28. Qf2
Rf8 29. Kh1 Rg7 30. R1a2 h5 31. f4 g4 32. Qh4 Qxh4 33. Bxh4 Rb7 34. Ra4 Kf7 35.
Kg1 Ke8 36. Kf2 Rff7 37. Kg3 Rb5 38. Bg5 Rfb7 39. Kh4 Rxb4 40. Rxb4 Rxb4 41.
Kxh5 Kf7 42. h3 gxh3 43. gxh3 Rb3 44. h4 Rb7 45. Kh6 Nd7 46. Rxa6 Rb8 47. Kh7
Nf8+ 48. Kh6 Nd7 49. Kh7 Nf8+ 1/2-1/2

[Event "Chigorin Memorial Open"]
[Site "St Petersburg RUS"]
[Date "2011.10.15"]
[Round "2.12"]
[White "Sakaev, Konstantin"]
[Black "Mikhalchenko, Petr"]
[Result "1-0"]
[WhiteTitle "GM"]
[WhiteElo "2609"]
[BlackElo "2395"]
[WhiteFideId "4104226"]
[BlackFideId "4177657"]
[EventDate "2011.10.14"]

1. d4 Nf6 2. c4 e6 3. Nf3 b6 4. g3 Ba6 5. Qa4 Bb7 6. Bg2 Be7 7. O-O O-O 8. Rd1
a6 9. Nc3 Ne4 10. Qc2 Nxc3 11. Qxc3 b5 12. Bf4 d6 13. Rac1 Be4 14. Qe3 Bb7 15.
Qd3 Nd7 16. c5 Nf6 17. c6 Bc8 18. a3 d5 19. Ne5 b4 20. axb4 Bxb4 21. Bd2 Rb8 22.
Bxb4 Rxb4 23. Qa3 Rb6 24. Rc2 Ne8 25. b3 Nd6 26. e3 f6 27. Nd3 Nb5 28. Qa4 Qd6
29. Rdc1 e5 30. Rc5 Be6 31. dxe5 fxe5 32. Qa1 d4 33. Rxe5 Bxb3 34. exd4 Nxd4 35.
Re4 Nf3+ 36. Bxf3 Qxd3 37. Re7 Rf7 38. Re8+ Rf8 39. Rxf8+ Kxf8 40. Qa3+ Kf7 41.
Kg2 Bc4 42. Qc5 Be6 43. Qh5+ Kf6 44. Qh4+ g5 45. Qh6+ Qg6 46. Qf8+ Qf7 47. Qd8+
Kg6 48. Be4+ Kh5 49. h4 Rb5 50. hxg5 Bh3+ 51. Kxh3 Qe6+ 52. Kh2 Qxe4 53. Qxc7
Rxg5 54. Qf7+ Kh6 55. c7 Rf5 56. Qxf5 Qxf5 57. c8=Q 1-0

[Event "Chigorin Memorial Open"]
[Site "St Petersburg RUS"]
[Date "2011.10.15"]
[Round "2.13"]
[White "Dvoirys, Semen I."]
[Black "Girya, Olga"]
[Result "1-0"]
[WhiteTitle "GM"]
[BlackTitle "WGM"]
[WhiteElo "2598"]
[BlackElo "2390"]
[WhiteFideId "4100379"]
[BlackFideId "4195752"]
[EventDate "2011.10.14"]

1. e4 c6 2. d4 d5 3. Nd2 dxe4 4. Nxe4 Bf5 5. Ng3 Bg6 6. h4 h6 7. Nf3 Nd7 8. h5
Bh7 9. Bd3 Bxd3 10. Qxd3 e6 11. Bf4 Qa5+ 12. c3 Ngf6 13. a4 Nd5 14. Bd2 Qc7 15.
a5 Bd6 16. Ne4 N5f6 17. c4 Nxe4 18. Qxe4 Nf6 19. Qe2 c5 20. dxc5 Bxc5 21. b4 Be7
22. Kf1 Rc8 23. Rh4 a6 24. Bc3 O-O 25. Re1 Rfd8 26. Kg1 Ne8 27. Re4 Bf6 28. Bxf6
Nxf6 29. Rh4 Qd6 30. Qb2 Qd3 31. Ne5 Qf5 32. Qe2 Rd6 33. c5 Rdd8 34. c6 bxc6 35.
Qxa6 Qg5 36. Rc4 Nd5 37. Nxc6 Rf8 38. Qb5 Qd2 39. Rf1 Rc7 40. Qc5 Rfc8 41. Qd6
Kh7 42. b5 Qe2 43. Rc5 Qe4 44. Qg3 Nb4 45. Qf3 Qxf3 46. gxf3 Nxc6 47. Rfc1 Ra7
48. b6 Ra6 49. Rb1 Rxa5 50. b7 Rb8 51. Rxc6 Ra7 52. Rc7 f6 53. f4 Rd8 54. Rb3
Rb8 55. Rg3 1-0